00449nam a2200157Ia 4500008004100000020000700041082001500048100001600063245005500079250000700134260003300141300002700174500001900201600002100220650005000241240925s9999 xx 000 0 und d aNA a004.67 DOY aDoyle, Jeff 0aCCIE Professional Development: routing TCP /IP V-1 aNA aIndianapolis:bCISCOc,2001. axl,800p.bNAfOriginal aIncludes Index aComputer Science aComputer science, information & general works